00483 2200181 4500001002100000005001500021035002000036007000300056008004100059082000800100084001400108100002800122245004200150260004400192300003200236650001300268990002000281INLIS00000000000216720240314081857 a0010-0324000084ta240314 f 0 ind  a101 a101 SUR f0 aSuriasumantri, Jujun S.1 aFilsafat Ilmu Seuah Pengantar Populer aJakarta :bPustaka Sinar Harapan,c1990 a378 hlm. :bIlus. ;c23 cm. 4aFilsafat a20231202.04.010